000 00799nam a22001697a 4500
999 _c58834
_d58834
005 20221006110137.0
008 221006s2018 rus||||| |||| 00| 0 ru d
020 _a9785534064537
080 _a341(075.8) П-68
245 _aПраво европейского союза :
_bЧасть 2. Учебник и практикум для бакалавриата и магистратуры
_cПод ред. А. Х. Абашидзе., А.О. Иншаковой.
264 _aМосква :
_bЮрайт,
_c2018.
300 _a293 стр.
_b24 см.
653 _aევროკავშირის სამართალი
700 _a Абашидзе, А. Х.
_eრედაქტორი
_915078
700 _aИншакова, А.О.
_eრედაქტორი
_915079
942 _2udc
_cBK